Statistics for O.J. Simpson - Trial of the Century

Click here to take the quiz!

General Stats

  • This quiz has been taken 6,364 times
    (3,381 since last reset)
  • The average score is 11 of 18

Answer Stats

QuestionAnswer% Correct
What book did O.J. co-author in 2007?If I {Did} It
88%
What is O.J.'s nickname?The {Juice}
86%
Fill in the blank: "If the glove doesn't fit, you must ______".Acquit
79%
What model of car did he ride in while fleeing from the cops in a low-speed chase?Ford Bronco
76%
What defense attorney had four children who went on to became reality TV stars?Robert Kardashian
76%
What does the O in O.J. stand for?Orenthal
67%
What comedy movie trilogy did he star in along with Leslie Nielsen?The Naked Gun
64%
What NFL team did he primarily play for?Buffalo Bills
60%
Who was the judge at the trial?Lance Ito
59%
Who was O.J. accused of killing, in addition to his ex-wife?Ronald Goldman
59%
What crime was O.J. convicted of in 2008, for which he served nine years in prison?Armed Robbery
58%
What college football team did O.J. play for?USC
58%
What riots occured in Los Angeles in 1992, leading people to worry about more
violence if O.J. was convicted?
Rodney King
55%
What attorney gave the closing arguments for the defense?Johnnie Cochran
51%
What houseguest testified at the trial?Kato Kaelin
45%
Who was the lead prosecutor?Marcia Clark
43%
What upscale Los Angeles neighborhood did he live in at the time of his arrest?Brentwood
41%
What LAPD detective was accused of being racist?Mark Fuhrman
39%

Score Distribution

Percentile by Number Answered

Percent of People with Each Score

Your Score History

You have not taken this quiz since the last reset